Stanley Cup Champions - Statistics

General Stats
  • This quiz has been taken 125 times
  • The average score is 20 of 24
Answer Stats
Wins Team % Correct
23 Montreal Canadiens
100%
13 Toronto Maple Leafs
99%
6 Boston Bruins
98%
4 New York Rangers
98%
5 Edmonton Oilers
96%
11 Detroit Red Wings
95%
4 New York Islanders
95%
6 Chicago Blackhawks
94%
2 Los Angeles Kings
93%
1 Florida Panthers
90%
1 St. Louis Blues
90%
1 Dallas Stars
89%
5 Pittsburgh Penguins
89%
3 Tampa Bay Lightning
86%
1 Calgary Flames
84%
3 Colorado Avalanche
84%
1 Carolina Hurricanes
83%
1 Vegas Golden Knights
83%
3 New Jersey Devils
82%
2 Philadelphia Flyers
79%
1 Washington Capitals
78%
1 Anaheim Ducks
74%
2 (Former team) Montreal Maroons
4%
4 (Former team) St. Louis Eagles
1%
No matching quizzes found
Score Distribution
Percent of People with Each Score
Percentile by Number Answered
Your Score History
You have not taken this quiz